| 000 | 00414nam a22001457a 4500 | ||
|---|---|---|---|
| 082 |
_a510.2462 _bAND _cL-3, P-6 |
||
| 100 |
_aAddres, Paul G. _938973 |
||
| 245 | _aBasic Mathematics for Engineering | ||
| 260 |
_aLondon _bJohn Wiley and Sonss Inc. _c1949 |
||
| 300 | _ax, 776.p | ||
| 526 |
_a0 _b0 _c0 _d510_246200000000000_AND |
||
| 526 |
_a0 _b0 _c0 _d510_246200000000000_AND |
||
| 650 |
_aMCE _9379 |
||
| 942 |
_2ddc _cBK |
||
| 999 |
_c543572 _d543572 |
||